00288nam a2200121Ia 4500100001000000250000600010654001600016245007800032260002800110082000800138300000800146546001200154 aNone  a3 amathematics aModel Solutions for Applied Mathematics II from May 95 to up to date bNandu PubaLondonc1998 a519 a250 aENGLISH